书目信息 |
| 题名: |
如何说客户才会听,怎样听客户才肯说
|
|
| 作者: | 周希希 著 | |
| 分册: | ||
| 出版信息: | 北京 北京时代华文书局 2017 |
|
| 页数: | 247页 | |
| 开本: | 24cm | |
| 丛书名: | ||
| 单 册: | ||
| 中图分类: | F713.3 | |
| 科图分类: | ||
| 主题词: | 销售学 | |
| 电子资源: | ||
| ISBN: | 978-7-5699-1337-8 | |
| 000 | 00804nam0 2200229 450 | |
| 001 | 012001003343 | |
| 005 | 20140926114740.0 | |
| 010 | @a978-7-5699-1337-8@dCNY35.00 | |
| 100 | @a20170905d2017 em y0chiy50 ea | |
| 101 | 0 | @achi |
| 102 | @aCN@b110000 | |
| 105 | @ay z 000yy | |
| 106 | @ar | |
| 200 | 1 | @a如何说客户才会听,怎样听客户才肯说@9ru he shuo ke hu cai hui ting , zen yang ting ke hu cai ken shuo@f周希希著 |
| 210 | @a北京@c北京时代华文书局@d2017 | |
| 215 | @a247页@d24cm | |
| 330 | @a本书主要内容包括:销售就是一种说话的艺术、沟通开始要学会这些技巧、面对客户你要注意这些、说话也需要有智慧、不妨在说话的时候用点“心思”等。 | |
| 606 | 0 | @a销售学 |
| 690 | @aF713.3@v5 | |
| 701 | 0 | @a周希希@9zhou xi xi@c(女)@4著 |
| 801 | 0 | @aCN@b上海新华@c20180901 |
| 905 | @b1162651-5@dF713.3@e1068@f5 | |
| 如何说客户才会听,怎样听客户才肯说/周希希著.-北京:北京时代华文书局,2017 |
| 247页;24cm |
| ISBN 978-7-5699-1337-8:CNY35.00 |
| 本书主要内容包括:销售就是一种说话的艺术、沟通开始要学会这些技巧、面对客户你要注意这些、说话也需要有智慧、不妨在说话的时候用点“心思”等。 |
| ● |
| 相关链接 |
|
|
|
|
正题名:如何说客户才会听,怎样听客户才肯说
索取号:F713.3/1068
 
预约/预借
| 序号 | 登录号 | 条形码 | 馆藏地/架位号 | 状态 | 备注 |
| 1 | 1162651 | 211626515 | 第一样本阅览室/ [索取号:F713.3/1068] | 在馆 | |
| 2 | 1162652 | 211626524 | 第一借阅区/ [索取号:F713.3/1068] | 在馆 | |
| 3 | 1162653 | 211626533 | 第一借阅区/ [索取号:F713.3/1068] | 在馆 | |
| 4 | 1162654 | 211626542 | 第一借阅区/ [索取号:F713.3/1068] | 在馆 | |
| 5 | 1162655 | 211626551 | 密集书库-海洋学院/ [索取号:F713.3/1068] | 在馆 |